Chargement en cours...
Bioremediation of Petroleum Hydrocarbons in the Cold Regions
| Auteur principal: | |
|---|---|
| Publié: |
Cambridge
2013
|
| LEADER | 00209 a2200085 4500 | ||
|---|---|---|---|
| 100 | |a Filler | ||
| 245 | |a Bioremediation of Petroleum Hydrocarbons in the Cold Regions | ||
| 260 | |c 2013 |b Cambridge | ||
| 942 | |c BK |6 _ | ||
| 999 | |c 69519 |d 69519 | ||